[Event "GER-ch U25 op-B"]
[Site "Oberhof"]
[Date "2013.05.22"]
[Round "6"]
[White "Steiner, Maximilian"]
[Black "Zimmer, Luca"]
[Result "1-0"]
[WhiteElo "1195"]
[BlackElo "1049"]
[PlyCount "69"]
[EventDate "2013.05.19"]
[EventType "swiss"]
[EventRounds "9"]
[EventCountry "GER"]
[SourceTitle "CBM 154 Extra"]
[Source "ChessBase"]
[SourceDate "2013.06.25"]
[SourceVersion "2"]
[SourceVersionDate "2013.06.25"]
[SourceQuality "1"]

1. e4 e6 2. d4 d5 3. e5 c5 4. c3 Nc6 5. Nf3 Bd7 6. Be2 f6 7. 0-0 cxd4 8. cxd4 fxe5 9. dxe5 Qc7 10. Bf4 Nge7 11. Qc2 Ng6 12. Bg3 Be7 13. Nbd2 0-0 14. Bd3 Be8 15. Nd4 Qd7 16. Nxc6 Qxc6 17. Qd1 Qc7 18. f4 Bc5+ 19. Kh1 Rc8 20. Rc1 Qd7 21. h4 Ne7 22. Nf3 Nf5 23. Bxf5 Rxf5 24. Ng5 b6 25. Qg4 h6 26. Nf3 Bh5 27. Qh3 Rd8 28. Bh2 Be3 29. Rce1 d4 30. g4 Bxg4 31. Qxg4 h5 32. Qg6 Qe7 33. Ng5 Bd2 34. Qh7+ Kf8 35. Qh8# 1-0

[Event "GER-ch U25 op-B"]
[Site "Oberhof"]
[Date "2013.05.20"]
[Round "3"]
[White "Pahl, Theis"]
[Black "Steiner, Maximilian"]
[Result "0-1"]
[WhiteElo "839"]
[BlackElo "1195"]
[PlyCount "92"]
[EventDate "2013.05.19"]
[EventType "swiss"]
[EventRounds "9"]
[EventCountry "GER"]
[SourceTitle "CBM 154 Extra"]
[Source "ChessBase"]
[SourceDate "2013.06.25"]
[SourceVersion "2"]
[SourceVersionDate "2013.06.25"]
[SourceQuality "1"]

1. e4 e5 2. Nc3 Nf6 3. f4 d6 4. Nf3 Nc6 5. Be2 a6 6. d3 Be7 7. 0-0 0-0 8. Be3 Ng4 9. Qd2 Bd7 10. a3 f5 11. Rad1 fxe4 12. dxe4 Nxe3 13. Qxe3 Rxf4 14. Nd5 Rf8 15. Nd2 Nd4 16. Bd3 c6 17. Nxe7+ Qxe7 18. c3 Ne6 19. Qb6 Bc8 20. Bc4 Rd8 21. Nb3 Kh8 22. Rf2 Nf4 23. g3 Nh3+ 24. Kg2 Nxf2 25. Kxf2 Rf8+ 26. Ke2 Bg4+ 27. Kd2 Qg5+ 28. Kc2 Bxd1+ 29. Kxd1 Qg4+ 30. Kc2 Qxe4+ 31. Bd3 Qg2+ 32. Nd2 Rf2 33. Qe3 Qxh2 34. c4 Rd8 35. Kc3 d5 36. Qg5 d4+ 37. Kc2 Rdf8 38. b4 Kg8 39. Be4 Qh6 40. Qxh6 gxh6 41. Kd3 R8f7 42. g4 Rg7 43. Bf3 Rf7 44. Be4 R7f4 45. c5 Rxg4 46. Nc4 Rg3+ 0-1